00758nam a22002177a 4500003000400000005001700004008004100021020001500062040002900077050002300106100002400129245004300153250001200196260003200208300002900240650004100269650004000310942001500350952015800365999001700523OSt20260605160303.0260605b |||||||| |||| 00| 0 eng d a0070725411 cChuka University Library aTA 407.2b.Y6 1989 aYoung Warren927413 aRoark's Formulas for Stress and Strain a6th Ed. aNew YorkbMcGraw Hillc1989 axiv, 763PbIllustrations aStrength of Materials- Tables927414 aStrains and Stresses- Tables927415 2lcccBKn0 00102lcc40708LGLaCHKbCHKcGENd2026-06-05eDonation from Books for Africal0oTA 407.2 .Y6 1989p32860/2026r2026-06-05 16:07:38t1w2026-06-05yBK c23420d23420